Canadian Provinces and Territories in Order of Confederation - Statistics

General Stats
  • This quiz has been taken 495 times
  • The average score is 10 of 13
Answer Stats
Date Province/Territory % Correct
July 1,1867 Ontario
92%
July 1,1867 Quebec
92%
July 1,1867 Nova Scotia
88%
July 1,1867 New Brunswick
87%
July 15,1870 Manitoba
86%
July 20,1871 British Columbia
71%
March 31,1949 Newfoundland and Labrador
71%
April 1, 1999 Nunavut
71%
September 1,1905 Alberta
66%
July 1,1873 Prince Edward Island
65%
June 13,1898 Yukon
65%
July 15,1870 Northwest Territories
61%
September 1,1905 Saskatchewan
60%
No matching quizzes found
Score Distribution
Percent of People with Each Score
Percentile by Number Answered
Your Score History
You have not taken this quiz